Medagliere Olimpiadi estive Roma 1960 - Statistics

Statistiche generali
  • Questo quiz è stato fatto 11 volte
  • Il punteggio medio è 9 su 10
Statistiche sulle risposte
Medaglie d'Oro Medaglie d'Argento Medaglie di Bronzo Medaglie complessive Rappresentativa olimpica % Corretto
13 10 13 36 Italia
100%
12 19 11 42 Squadra Unificata Tedesca
100%
34 21 16 71 Stati Uniti
100%
4 7 7 18 Giappone
91%
2 6 12 20 Gran Bretagna
91%
8 8 6 22 Australia
82%
6 8 7 21 Ungheria
82%
43 29 31 103 Unione Sovietica
82%
4 6 11 21 Polonia
73%
3 1 6 10 Romania
64%
Nessun quiz corrispondente trovato
Distribuzione punteggi
Percentuale di utenti per punteggio
Percentile per numero di risposta
I tuoi punteggi nel tempo
Non hai fatto questo quiz